Statistics for Gracie Abrams - The blue (Lyrics)

Click here to take the quiz!

General Stats

  • This quiz has been taken 53 times
  • The average score is 435 of 464

Answer Stats

Answer% Correct
a
100%
are
100%
blue
100%
came
100%
coming
100%
do
100%
every
100%
everything
100%
I
100%
in
100%
I've
100%
like
100%
me?
100%
me
100%
now?
100%
of
100%
out
100%
That
100%
that
100%
The
100%
the
100%
to
100%
want
100%
wanted
100%
You
100%
you
100%
your
100%
Your
100%
You're
100%
you're
100%
an
96%
could
96%
doing
96%
tell
96%
What
96%
all
92%
from
92%
Hollywood
92%
it
92%
live
92%
my
92%
never
92%
seen
92%
so
92%
think
92%
we
92%
and
88%
brother
88%
could've
88%
family
88%
for
88%
good
88%
about
84%
brain
84%
But
84%
He
84%
hour
84%
if
84%
If
84%
Just
84%
know
84%
meet
84%
needed
84%
on
84%
On
84%
reputation's
84%
say
84%
share
84%
should
84%
talk
84%
call
80%
can
80%
common
80%
dad
80%
drop
80%
felt
80%
got
80%
half
80%
hope
80%
lot
80%
make
80%
nervous
80%
saving
80%
scare
80%
us
80%
used
80%
angry
76%
bad
76%
compliment
76%
decisions
76%
feel
76%
fight
76%
get
76%
He'd
76%
I'd
76%
I'm
76%
let
76%
listen
76%
losing
76%
phone
76%
really
76%
second
76%
them
76%
we've
76%
with
76%
wonder
76%
You'd
76%
you'd
76%
as
72%
close
72%
don't
72%
how
72%
kinda
72%
less
72%
Send
72%
song
72%
Staying
72%
take
72%
terrible
72%
them
72%
'Til
72%
without
72%
Apologizing
68%
bet
68%
down
68%
feeling
68%
forget
68%
going
68%
sleeping
68%
someone
68%
space
68%
this
68%
up
68%
weakness?
68%
won't
68%
between
64%
Despite
64%
keeps
64%
recite
64%

Score Distribution

Percentile by Number Answered

Percent of People with Each Score

Your Score History

You have not taken this quiz